Calculations in hydraulic engineering (Record no. 547794)
[ view plain ]
| 000 -LEADER | |
|---|---|
| fixed length control field | 00845cam a2200181K 4500 |
| 082 ## - DEWEY DECIMAL CLASSIFICATION NUMBER | |
| Classification number | 627 |
| Author Mark | FID |
| 100 1# - MAIN ENTRY--PERSONAL NAME | |
| Personal name | Fidler, T. Claxton |
| 9 (RLIN) | 43403 |
| 245 10 - TITLE STATEMENT | |
| Title | Calculations in hydraulic engineering |
| Remainder of title | a practical text-book for the use of students, draughtsmen, and engineers, |
| Statement of responsibility, etc. | with numerous illustrations and examples, by T. Claxton Fidler ... |
| 260 ## - PUBLICATION, DISTRIBUTION, ETC. | |
| Place of publication, distribution, etc. | London, |
| -- | New York, |
| -- | Bombay, |
| Name of publisher, distributor, etc. | Longmans, Green, and Co., |
| Date of publication, distribution, etc. | 1907-14. |
| 300 ## - PHYSICAL DESCRIPTION | |
| Extent | ix, 207 p. |
| Other physical details | tables, diagrs. |
| 505 0# - FORMATTED CONTENTS NOTE | |
| Formatted contents note | pt. I. Fluid pressure, and the calculation of its effects in engineering structures.--pt. II. Calculations in hydro-kinetics. New ed. |
| 526 ## - STUDY PROGRAM INFORMATION NOTE | |
| Program name | 0 |
| Interest level | 0 |
| Reading level | 0 |
| Title point value | 627_000000000000000_FID |
| 650 #0 - SUBJECT ADDED ENTRY--TOPICAL TERM | |
| Topical term or geographic name entry element | Hydraulic engineering. |
| 9 (RLIN) | 3526 |
| 650 #0 - SUBJECT ADDED ENTRY--TOPICAL TERM | |
| Topical term or geographic name entry element | Hydraulics. |
| 650 #0 - SUBJECT ADDED ENTRY--TOPICAL TERM | |
| Topical term or geographic name entry element | MCE |
| 9 (RLIN) | 379 |
| 856 40 - ELECTRONIC LOCATION AND ACCESS | |
| Uniform Resource Identifier | <a href="http://catalog.hathitrust.org/api/volumes/oclc/20317942.html">http://catalog.hathitrust.org/api/volumes/oclc/20317942.html</a> |
| 942 ## - ADDED ENTRY ELEMENTS (KOHA) | |
| Source of classification or shelving scheme | |
| Koha item type | Book |
| Withdrawn status | Lost status | Source of classification or shelving scheme | Damaged status | Not for loan | Permanent Location | Current Location | Date acquired | Total Checkouts | Full call number | Barcode | Date last seen | Price effective from | Koha item type |
|---|---|---|---|---|---|---|---|---|---|---|---|---|---|
| Military College of Engineering (MCE) | Military College of Engineering (MCE) | 08/07/2014 | 627 FID | MCE-40569 | 08/07/2014 | 08/07/2014 | Book |
